00492 2200193 4500001002100000005001500021008004100036020001800077035001900095041000700114082001000121090001600131100001600147245003900163260004500202300003000247500000600277650001500283INLIS00000000000227520241224112516241224||||||||| | ||| |||| || |  a979-15406-9-1 0010-1224002275 aen0 a577.2 a577.2 TED p0 aTedi Ruhiat00aPolusi Udara Ancaman Abad Sekarang aJakartabCV. Citra Cipta Purwosaric2006 avi, 89 hlm.; ilus.: 21 cm a1 0aIlmu Murni